| 000 | 02956nam0a2200457 4500 | ||
|---|---|---|---|
| 001 | RU\NLR\bibl\1366895 | ||
| 005 | 20260405221932.0 | ||
| 010 |
_a978-5-9747-0131-3 _9400 |
||
| 021 |
_aRU _b2009-19666 _91167 |
||
| 035 | _a(nilc)RSL-KNO-004265300 | ||
| 035 | _a(NLR Aleph) 001359049 | ||
| 090 |
_a969431 _c969431 |
||
| 100 | _a20090318d2008 |||y0rusy50 ca | ||
| 101 | 0 | _arus | |
| 102 | _aRU | ||
| 105 | _aa ||||||||| | ||
| 200 | 1 |
_aГеохимия окружающей среды Прибайкалья. Байкальский геоэкологический полигон _dGeochemistry of Baikal environment. Baikal geoecological poligon _fВ. И. Гребенщикова, Э.Е. Лустенберг, Н.А. Китаев, И.С. Ломоносов _gнауч. ред. акад. М. И. Кузьмин _gРоссийская акад. наук, Сибирское отд-ние, Ин-т геохимии им. А. П. Виноградова _zeng |
|
| 210 |
_aНовосибирск _cГЕО _d2008 |
||
| 215 |
_a232, [2] с., [1] л. портр. _cил., цв. ил., табл. _d28 |
||
| 320 | _aБиблиогр.: с. 226-232 | ||
| 510 | 0 |
_aGeochemistry of Baikal environment. Baikal geoecological poligon _zeng |
|
| 517 | 0 | _aБайкальский геоэкологической полигон | |
| 606 | 1 |
_aОкружающая среда _xГеохимия _yПрибайкалье _92596318 _3RU\NLR\auth\661534026 |
|
| 610 | 2 | _aНауки о Земле (геодезические, геофизические, геологические и географические науки) -- Региональный раздел наук о Земле -- Российская Федерация -- Прибайкалье -- Геологическая характеристика -- Геохимия | |
| 610 | 2 | _aНауки о Земле (геодезические, геофизические, геологические и географические науки) -- Геологические науки -- Геохимия -- Геохимия отдельных химических элементов | |
| 610 | 0 | _aПрибайкалье | |
| 686 |
_aД9(2Р54,7)31,0 _2rubbk |
||
| 686 |
_aД318,0 _2rubbk |
||
| 686 | _aД312.8(2Р54,7) | ||
| 701 | 1 |
_aГребенщикова _bВ. И. _gВалентина Ивановна _4070 |
|
| 701 | 1 |
_aЛустенберг _bЭ. Е. _gЭсфирь Евгеньевна _4070 |
|
| 701 | 1 |
_aКитаев _bН. А. _gНаум Анисимович _4070 |
|
| 701 | 1 |
_aЛомоносов _bИ. С. _gИгорь Сергеевич _4070 |
|
| 702 | 1 |
_4340 _8rus _7ca _aКузьмин _bМ. И. _cд-р геол.-минерал. наук _f1938- _gМихаил Иванович _3RU\NLR\auth\77100187 _983113 |
|
| 801 | 0 |
_aRU _bРГБ _c20090318 _grcr |
|
| 801 | 1 |
_aRU _bРГБ _c20090318 |
|
| 801 | 2 |
_aRU _bNLR _c20090507 _grcr |
|
| 830 | _aавт. по кн. | ||
| 942 | _cBOOK | ||
| 980 | _aNB | ||